[Event "Heraklion SOI op 5th"]
[Site "Heraklion"]
[Date "2012.04.21"]
[Round "6"]
[White "Xylogiannopoulos, Antonios"]
[Black "Pandelias, Emmanouil"]
[Result "1/2-1/2"]
[WhiteElo "2104"]
[BlackElo "2073"]
[PlyCount "109"]
[EventDate "2012.04.17"]
[EventType "swiss"]
[EventRounds "7"]
[EventCountry "GRE"]
[SourceTitle "EXT 2024"]
[Source "ChessBase"]
[SourceDate "2023.10.10"]
[SourceVersion "1"]
[SourceVersionDate "2023.10.10"]
[SourceQuality "1"]

1. e4 c5 2. Nf3 d6 3. d4 cxd4 4. Nxd4 Nf6 5. Nc3 g6 6. Be3 Bg7 7. f3 Nc6 8. Qd2 0-0 9. Bc4 Bd7 10. 0-0-0 Qa5 11. Bb3 Rfc8 12. h4 Ne5 13. h5 Nxh5 14. Nd5 Qxd2+ 15. Rxd2 Kf8 16. g4 Nf6 17. Rdh2 e6 18. Nxf6 Bxf6 19. Rxh7 b5 20. g5 Bg7 21. f4 Nc4 22. Bxc4 bxc4 23. f5 exf5 24. exf5 gxf5 25. g6 f4 26. Bxf4 fxg6 27. Bh6 Bxh6+ 28. R1xh6 Bf5 29. Nxf5 gxf5 30. Rxd6 c3 31. bxc3 Rxc3 32. Ra6 Rac8 33. Rh8+ Ke7 34. Rxa7+ Ke6 35. Rh2 f4 36. Ra5 f3 37. Rh6+ Ke7 38. Ra7+ R8c7 39. Rxc7+ Rxc7 40. Rh7+ Ke6 41. Rh1 Kf5 42. Kb2 Kf4 43. a4 Kg3 44. Kb3 f2 45. a5 Kg2 46. Rc1 Re7 47. c4 f1Q 48. Rxf1 Kxf1 49. Kb4 Ke2 50. Kc5 Kd3 51. a6 Rc7+ 52. Kb6 Rxc4 53. a7 Ra4 54. Kb7 Rxa7+ 55. Kxa7 1/2-1/2

[Event "Heraklion SOI op 5th"]
[Site "Heraklion"]
[Date "2012.04.20"]
[Round "5"]
[White "Serpetsidaki, Eva"]
[Black "Pandelias, Emmanouil"]
[Result "0-1"]
[WhiteElo "1390"]
[BlackElo "2073"]
[PlyCount "108"]
[EventDate "2012.04.17"]
[EventType "swiss"]
[EventRounds "7"]
[EventCountry "GRE"]
[SourceTitle "EXT 2024"]
[Source "ChessBase"]
[SourceDate "2023.10.10"]
[SourceVersion "1"]
[SourceVersionDate "2023.10.10"]
[SourceQuality "1"]

1. e4 c5 2. Nf3 d6 3. d4 cxd4 4. Nxd4 Nf6 5. Nc3 g6 6. Be3 Bg7 7. f3 Nc6 8. Bc4 0-0 9. Bb3 Bd7 10. Qd2 Qa5 11. 0-0-0 Rfc8 12. Nxc6 bxc6 13. h4 Rab8 14. Ne2 Qxd2+ 15. Rxd2 c5 16. c3 Bc6 17. Nf4 Rc7 18. h5 g5 19. Ne2 h6 20. Ng3 Bd7 21. Rf1 Rcb7 22. Rff2 a5 23. Rc2 a4 24. Bc4 Be6 25. Bxe6 fxe6 26. a3 Nd7 27. Kb1 Ne5 28. Bc1 Nd3 29. Rfe2 Be5 30. Nf1 Bf4 31. Ne3 Rb3 32. Nc4 Bxc1 33. Rxc1 Nxc1 34. Kxc1 R3b7 35. Rd2 Rf8 36. Ne3 Rf4 37. Ng4 Kg7 38. Kd1 Rf8 39. Kc1 Rbb8 40. Kd1 c4 41. Kc1 Rf4 42. Kd1 Rb5 43. Kc2 d5 44. e5 Rb8 45. Rd1 Rd8 46. Rd4 Rxd4 47. cxd4 Rb8 48. Nf2 Rb3 49. Kc1 c3 50. Nd1 cxb2+ 51. Nxb2 Rxa3 52. Kb1 Rb3 53. Kc2 Rb4 54. Kc3 a3 0-1

[Event "Heraklion op 7th"]
[Site "Heraklion"]
[Date "2011.08.11"]
[Round "7"]
[White "Pandelias, Emmanouil"]
[Black "Kolomvakis, Stelios"]
[Result "1-0"]
[WhiteElo "2071"]
[BlackElo "1752"]
[PlyCount "101"]
[EventDate "2011.08.06"]
[EventType "swiss"]
[EventRounds "9"]
[EventCountry "GRE"]
[SourceTitle "CBM 144 Extra"]
[Source "ChessBase"]
[SourceDate "2011.10.28"]
[SourceVersion "1"]
[SourceVersionDate "2011.10.28"]
[SourceQuality "1"]

1. e4 c5 2. Nf3 d6 3. d4 cxd4 4. Nxd4 Nf6 5. Nc3 g6 6. Be3 Bg7 7. f3 0-0 8. Qd2 Nc6 9. 0-0-0 Nxd4 10. Bxd4 Be6 11. Kb1 Qc7 12. h4 h5 13. Bd3 Rfc8 14. g4 Qa5 15. a3 Rab8 16. gxh5 Nxh5 17. Bxg7 Kxg7 18. Rhg1 Rc5 19. Qe3 b5 20. Qd4+ Kh7 21. Nd5 Bxd5 22. exd5 b4 23. Rg5 e5 24. dxe6 bxa3 25. b3 Rxg5 26. hxg5 fxe6 27. Qxd6 Qc3 28. Qxa3 Rb7 29. Qa6 Re7 30. Rh1 Kg7 31. Qd6 Qc7 32. Qd4+ e5 33. Qe4 Nf4 34. Rh6 Qb6 35. Qa8 Nxd3 36. Qh8+ Kf7 37. Rh7+ Ke6 38. Qf6+ Kd5 39. Qxb6 axb6 40. Rxe7 Nf4 41. Kb2 b5 42. Kc3 Nh3 43. Rf7 Nxg5 44. Rf8 Ne6 45. Rf6 g5 46. Kb4 Nc7 47. c3 Ne8 48. Rg6 Nd6 49. Rxg5 Ke6 50. Rg6+ Kd5 51. Rxd6+ 1-0

[Event "Heraklion op 7th"]
[Site "Heraklion"]
[Date "2011.08.10"]
[Round "6"]
[White "Georgantas, Antonios1111"]
[Black "Pandelias, Emmanouil"]
[Result "0-1"]
[WhiteElo "1822"]
[BlackElo "2071"]
[PlyCount "62"]
[EventDate "2011.08.06"]
[EventType "swiss"]
[EventRounds "9"]
[EventCountry "GRE"]
[SourceTitle "CBM 144 Extra"]
[Source "ChessBase"]
[SourceDate "2011.10.28"]
[SourceVersion "1"]
[SourceVersionDate "2011.10.28"]
[SourceQuality "1"]

1. e4 c5 2. Nf3 a6 3. d4 cxd4 4. Nxd4 Nf6 5. Nc3 d6 6. a4 g6 7. Be2 Bg7 8. Be3 Nc6 9. 0-0 0-0 10. Nb3 Be6 11. f4 Rc8 12. a5 Bxb3 13. cxb3 Nxa5 14. e5 Ne8 15. Nd5 Nc6 16. Bb6 Qd7 17. Bg4 e6 18. Qe2 dxe5 19. Rad1 Nd4 20. Bxd4 Qxd5 21. fxe5 Qxb3 22. Qe4 Qb4 23. Qe3 Nc7 24. Bc5 Qxg4 25. Bxf8 Bxf8 26. Qc3 Qa4 27. Rd4 Qb5 28. Rc1 Qb6 29. Kh1 Nd5 30. Qxc8 Qxd4 31. Qb8 Qxb2 0-1

[Event "Rethymno op 2nd"]
[Site "Rethymno"]
[Date "2010.07.14"]
[Round "2"]
[White "Pandelias, Emmanouil"]
[Black "Khotenashvili, Bela"]
[Result "0-1"]
[WhiteElo "2089"]
[BlackElo "2423"]
[PlyCount "69"]
[EventDate "2010.07.13"]
[EventType "swiss"]
[EventRounds "9"]
[EventCountry "GRE"]
[SourceTitle "CBM 137 Extra"]
[Source "ChessBase"]
[SourceDate "2010.09.01"]
[SourceVersion "1"]
[SourceVersionDate "2010.09.01"]
[SourceQuality "1"]

1. d4 Nf6 2. Bf4 g6 3. e3 Bg7 4. Nf3 d6 5. c4 Nbd7 6. Nc3 Nh5 7. Bg5 c6 8. Be2 0-0 9. Nd2 Nhf6 10. 0-0 Qb6 11. Rb1 a5 12. a3 Re8 13. b4 axb4 14. axb4 Qc7 15. Bf4 e5 16. Bg3 h5 17. dxe5 dxe5 18. Nde4 Nxe4 19. Nxe4 Nb6 20. Qd6 Qxd6 21. Nxd6 Rd8 22. c5 Nd5 23. Bc4 Be6 24. Nxb7 Rdb8 25. Bxd5 Bxd5 26. Nd6 Ba2 27. Rbc1 Rxb4 28. e4 Bf6 29. h4 Raa4 30. Rfd1 Bb3 31. Rd3 Kf8 32. Rcc3 Be6 33. Ra3 Rb1+ 34. Kh2 Rab4 35. Rab3 0-1

[Event "Kesarovski Georgiev Memorial 7th"]
[Site "Sunny Beach"]
[Date "2008.09.10"]
[Round "4"]
[White "Pandelias, Emmanouil"]
[Black "Sirkova, Darena"]
[Result "0-1"]
[WhiteElo "2053"]
[BlackElo "1804"]
[PlyCount "64"]
[EventDate "2008.09.08"]
[EventType "swiss"]
[EventRounds "9"]
[EventCountry "BUL"]
[SourceTitle "CBM 126 Extra"]
[Source "ChessBase"]
[SourceDate "2008.11.05"]
[SourceVersion "1"]
[SourceVersionDate "2008.11.05"]
[SourceQuality "1"]

1. e4 c5 2. Nc3 Nc6 3. g3 g6 4. Bg2 Bg7 5. d3 e6 6. Be3 d6 7. Qd2 Nd4 8. Nge2 Ne7 9. 0-0 0-0 10. Nc1 Nec6 11. Nd1 e5 12. c3 Ne6 13. f4 f5 14. Nb3 Qe7 15. fxe5 dxe5 16. exf5 gxf5 17. Bh3 f4 18. Bxe6+ Qxe6 19. Bxc5 Rd8 20. gxf4 exf4 21. Qxf4 Rxd3 22. Qg5 Bd7 23. Nf2 Rd5 24. Qg2 Rh5 25. Ne4 Kh8 26. Ng3 Rh6 27. Rae1 Ne5 28. Bd4 Bc6 29. Qd2 Rg6 30. Bxe5 Bxe5 31. Nc5 Qh3 32. Re4 Bxg3 0-1

[Event "Kesarovski Georgiev Memorial 7th"]
[Site "Sunny Beach"]
[Date "2008.09.08"]
[Round "1"]
[White "Janev, Evgeni"]
[Black "Pandelias, Emmanouil"]
[Result "1-0"]
[WhiteElo "2502"]
[BlackElo "2053"]
[PlyCount "60"]
[EventDate "2008.09.08"]
[EventType "swiss"]
[EventRounds "9"]
[EventCountry "BUL"]
[SourceTitle "CBM 126 Extra"]
[Source "ChessBase"]
[SourceDate "2008.11.05"]
[SourceVersion "1"]
[SourceVersionDate "2008.11.05"]
[SourceQuality "1"]

1. e4 c5 2. Nf3 d6 3. d4 cxd4 4. Nxd4 Nf6 5. Nc3 g6 6. g3 Bg7 7. Bg2 0-0 8. 0-0 Nc6 9. Nde2 Rb8 10. a4 a6 11. Nd5 b5 12. axb5 axb5 13. Bg5 Nd7 14. Qc1 Re8 15. h3 Nde5 16. Kh2 b4 17. b3 Nd7 18. Ra2 Nc5 19. Rd1 Bd7 20. Qd2 Qc8 21. Be3 Qb7 22. Bh6 Bh8 23. f4 Qc8 24. Rf1 Ne6 25. f5 Nc7 26. Ndf4 e6 27. fxg6 hxg6 28. Nxg6 Nd8 29. Nxh8 Kxh8 30. Bg7+ Kg8 1-0

[Event "GRE-chT 36th"]
[Site "Kallithea"]
[Date "2008.07.09"]
[Round "6.6"]
[White "Delithanasis, Dimitrios"]
[Black "Pandelias, Emmanouil"]
[Result "1/2-1/2"]
[WhiteElo "2228"]
[BlackElo "2053"]
[PlyCount "38"]
[EventDate "2008.07.06"]
[EventType "team-tourn"]
[EventRounds "7"]
[EventCountry "GRE"]
[SourceTitle "CBM 125 Extra"]
[Source "ChessBase"]
[SourceDate "2008.09.01"]
[SourceVersion "1"]
[SourceVersionDate "2008.09.01"]
[SourceQuality "1"]
[WhiteTeam "Koropiou"]
[BlackTeam "Heraklion SO"]
[WhiteTeamCountry "GRE"]
[BlackTeamCountry "GRE"]

1. Nf3 Nf6 2. c4 g6 3. Nc3 Bg7 4. e4 d6 5. d4 0-0 6. Be2 e5 7. 0-0 exd4 8. Nxd4 Re8 9. f3 c6 10. Nc2 Be6 11. Ne3 Na6 12. f4 Nc5 13. Bf3 Qb6 14. Kh1 Rad8 15. Qc2 Qa6 16. Ne2 Bc8 17. Nc3 Ne6 18. Ne2 Nc5 19. Nc3 Ne6 1/2-1/2

[Event "GRE-chT 36th"]
[Site "Kallithea"]
[Date "2008.07.07"]
[Round "3.8"]
[White "Pandelias, Emmanouil"]
[Black "Kousidis, Vergis"]
[Result "1-0"]
[WhiteElo "2053"]
[BlackElo "1870"]
[PlyCount "137"]
[EventDate "2008.07.06"]
[EventType "team-tourn"]
[EventRounds "7"]
[EventCountry "GRE"]
[SourceTitle "CBM 125 Extra"]
[Source "ChessBase"]
[SourceDate "2008.09.01"]
[SourceVersion "1"]
[SourceVersionDate "2008.09.01"]
[SourceQuality "1"]

1. d4 d5 2. Nf3 e6 3. c4 c5 4. cxd5 exd5 5. Nc3 Nc6 6. Bg5 f6 7. Bf4 Be6 8. e3 a6 9. Be2 Nge7 10. dxc5 Ng6 11. Bd6 Bxd6 12. cxd6 Qxd6 13. Nd4 Nxd4 14. Qxd4 0-0 15. Bf3 Ne7 16. 0-0 Rfd8 17. Ne2 Nc6 18. Qd2 Ne5 19. Nd4 Nc4 20. Qe2 Bf7 21. Rfd1 Qb4 22. b3 Ne5 23. Qd2 Nxf3+ 24. Nxf3 Qe4 25. Qd3 Rac8 26. Nd4 Rc7 27. Qd2 Rdc8 28. Rac1 Qe5 29. Qb2 h6 30. h3 Kh8 31. Rxc7 Qxc7 32. Rd2 Bg6 33. Ne2 Bf7 34. Nf4 Qc6 35. Kh2 Qd6 36. Kh1 Qc6 37. Qb1 Qc1+ 38. Qxc1 Rxc1+ 39. Kh2 Rc5 40. h4 g5 41. hxg5 hxg5 42. Ne2 Rc7 43. Kg3 Kg7 44. Nd4 Kg6 45. b4 Rc4 46. Rb2 b5 47. Nf3 Be6 48. Rb3 Bf7 49. Nd4 Bg8 50. a3 Bf7 51. Rd3 Bg8 52. Nb3 Rc6 53. Nc5 Bf7 54. Rd1 Kg7 55. Rc1 Kg6 56. Kf3 Bg8 57. Ke2 Bf7 58. Kd2 Bg8 59. Nb3 Rxc1 60. Kxc1 Be6 61. Nc5 Bc8 62. Kc2 Kf5 63. Kc3 Ke5 64. f3 Kd6 65. Kd4 f5 66. g3 g4 67. f4 a5 68. bxa5 Kc6 69. a6 1-0